|
|
|
|
| LEADER |
00000naa a2200000 a 4500 |
| 001 |
vtls008959858 |
| 003 |
SK-MaSNL |
| 005 |
20260302144332.0 |
| 008 |
250505e2006 xo | |b |||| ||slo |
| 015 |
|
|
|a SNBRA2007/03
|2 snkbucl
|
| 035 |
|
|
|a (uuid)6a719701-a7c6-406d-9b37-8ad69a42f5fc
|
| 035 |
|
|
|a urn:nbn:sk:snk-ab98f3
|
| 035 |
|
|
|a (urnnbn)urn:nbn:sk:snk:ar-007aps
|
| 038 |
|
|
|a SNKBUCL
|
| 040 |
|
|
|a SNKBUCL
|b slo
|c SNKBUCL
|e AACR2
|
| 041 |
0 |
|
|a slo
|
| 044 |
|
|
|a xo
|c SK
|
| 080 |
|
|
|a 94(437.6)
|x "1861"
|2 1997
|
| 100 |
1 |
|
|a Podrimavský, Milan,
|d 1943-2011
|4 aut
|9 102858
|
| 245 |
1 |
0 |
|a Memorandum národa slovenského roku 1861 a koncepcia národnej svojbytnosti
|c Milan Podrimavský
|
| 504 |
|
|
|a Literatúra v poznámkach
|
| 630 |
0 |
7 |
|a Memorandum národa slovenského (1861 jún 7.)
|2 SNKPH
|9 13858
|
| 648 |
|
7 |
|a 1861
|2 SNKPHgeo
|9 332682
|
| 650 |
0 |
7 |
|a národné obrodenie
|2 SNKPH
|9 3795
|
| 651 |
|
7 |
|a Slovensko
|x dejiny
|2 SNKPHgeo
|9 13278
|
| 773 |
0 |
|
|t Studia Academica Slovaca. 30
|d Bratislava : Stimul, 2001
|g S. 232-241
|z 8088982421
|
| 850 |
|
|
|a Slovenská národná knižnica
|
| 852 |
|
|
|a Slovenská národná knižnica
|
| 954 |
|
|
|a odborná, vedecká literatúra pôvodná (slovenská)
|2 lita
|
| 958 |
|
|
|a article13
|
| 958 |
|
|
|a OND
|
| 958 |
|
|
|a NB
|
| 958 |
|
|
|a SK
|
| 958 |
|
|
|a EUIPO
|
| 999 |
|
|
|c 1348721
|d 1350651
|